Mythological Figure to Mythology - Statistics

General Stats
  • This quiz has been taken 53 times
  • The average score is 5 of 15
Answer Stats
Question Answer % Correct
Erebus Greek mythology
88%
Māui Polynesian mythology
75%
Baba Yaga Slavic folklore
75%
Centeōtl Aztec mythology
63%
Sköll Norse mythology
50%
Inti Inca mythology
38%
Glooscap Abenaki mythology
25%
Ankou Breton mythology
25%
Hachiman Japanese mythology
25%
Ak Ana Turkic mythology
25%
Anansi Akan religion
13%
Rangda Balinese mythology
13%
Black Annis English folklore
13%
Lan Caihe Chinese mythology
0%
Neith Egyptian mythology
0%
No matching quizzes found
Score Distribution
Percent of People with Each Score
Percentile by Number Answered
Your Score History
You have not taken this quiz